| 000 | 00802cam a22002773a 4500 | ||
|---|---|---|---|
| 001 | 454 | ||
| 003 | PGUSA | ||
| 005 | 20140828082948.0 | ||
| 008 | 960301s1996||||xxu|||||s|||||000 p eng d | ||
| 040 |
_aPGUSA _beng |
||
| 042 | _adc | ||
| 050 | 4 | _aPS | |
| 100 | 1 |
_aLeland, Charles Godfrey, _d1824-1903 |
|
| 245 | 1 | 4 |
_aThe Breitmann Ballads _h[electronic resource] / _cCharles Godfrey Leland |
| 260 |
_bProject Gutenberg, _c1996 |
||
| 506 | _aPublic domain in the USA. | ||
| 516 | _aElectronic text | ||
| 653 | _aGerman Americans -- Poetry | ||
| 653 | _aWit and humor | ||
| 653 | _aHumorous poetry, American | ||
| 653 | _aDialect literature, American | ||
| 740 | 0 | _aHans Breitman's ballads | |
| 830 | 0 |
_aProject Gutenberg _v454 |
|
| 856 | 4 | 0 | _uhttp://www.gutenberg.org/ebooks/454 |
| 942 | _cEB | ||
| 999 |
_c229805 _d229805 |
||